Statistics for Dream SMP Members Quiz

Click here to take the quiz!

General Stats

  • This quiz has been taken 9 times
  • The average score is 30 of 36

Answer Stats

Answer% Correct
Antfrost
100%
Badboyhalo
100%
Callahan
100%
Dream
100%
Foolish Gamers
100%
Georgenotfound
100%
Hannahxxrose
100%
ItsAlyssa
100%
ItsFundy
100%
Jschlatt
100%
Nihachu
100%
Ph1lza
100%
Ranboo
100%
Sapnap
100%
Skeppy
100%
Technoblade
100%
Tommyinnit
100%
Tubbo_
100%
Wilbur Soot
100%
Awesamdude
75%
Captain Puffy
75%
H-Bomb
75%
Karl Jacobs
75%
Ponk
75%
Punz
75%
Purpled
75%
Quackity
75%
Slimecicle
75%
The_Eret
75%
TinaKitten
75%
Aimsey
50%
BoomerNA
50%
ConnorEatsPants
50%
Eryn
50%
MichaelMcchil
50%
Seapeekay
25%

Score Distribution

Percentile by Number Answered

Percent of People with Each Score

Your Score History

You have not taken this quiz